| 000 | 00816nam a22002537a 4500 | ||
|---|---|---|---|
| 999 |
_c5837 _d5837 |
||
| 001 | 20010 | ||
| 003 | BD-DhUAP | ||
| 005 | 20201221153523.0 | ||
| 008 | 201221s2001 enka|||| |||| 001 0 eng d | ||
| 020 | _a0226007626 | ||
| 020 | _a0226007634 | ||
| 040 |
_aBD-DhUAP _bEng _cBD-DhUAP _dBD-DhUAP |
||
| 082 |
_223 _a658.1554 COS |
||
| 245 |
_aCost-benefit analysis : _blegal, economic, and philosophical perspectives / _cedited by Matthew D. Adler and Eric A. Posner. |
||
| 260 |
_aChicago, London : _bUniversity of Chicago Press, _cc2001. |
||
| 300 |
_av, 351 pages : _billustrations ; _c23 cm. |
||
| 500 | _aIncludes index. | ||
| 650 | _aLaw and economics. | ||
| 650 | _aCost effectiveness. | ||
| 650 | _aDistributive justice. | ||
| 700 | _aAdler, Matthew D. | ||
| 700 | _aPosner, Eric A. | ||
| 942 |
_2ddc _cBK |
||